Caravaggio / (Record no. 353309)

000 -LEADER
fixed length control field 01083 a2200253 4500
003 - CONTROL NUMBER IDENTIFIER
control field OSt
005 - DATE AND TIME OF LATEST TRANSACTION
control field 20180116192401.0
008 - FIXED-LENGTH DATA ELEMENTS--GENERAL INFORMATION
fixed length control field 120702t xxu||||| |||| 00| 0 eng d
020 ## - INTERNATIONAL STANDARD BOOK NUMBER
International Standard Book Number 0714839663 (paperback)
020 ## - INTERNATIONAL STANDARD BOOK NUMBER
International Standard Book Number 9780714839660 (paperback)
040 ## - CATALOGING SOURCE
Transcribing agency 0
082 04 - DEWEY DECIMAL CLASSIFICATION NUMBER
Classification number 759.5
100 1# - MAIN ENTRY--PERSONAL NAME
Personal name Puglisi, Catherine.
9 (RLIN) 5091
245 10 - TITLE STATEMENT
Title Caravaggio /
Statement of responsibility, etc. Catherine Puglisi.
260 ## - PUBLICATION, DISTRIBUTION, ETC.
Place of publication, distribution, etc. London :
Name of publisher, distributor, etc. Phaidon Press,
Date of publication, distribution, etc. 2000.
300 ## - PHYSICAL DESCRIPTION
Extent 448 p. :
Other physical details ill. ;
Dimensions 25 cm.
520 ## - SUMMARY, ETC.
Summary, etc. Michelangelo Merisi da Caravaggio (1571-1610) has been rescued from neglect to emerge as something of a cult figure, celebrated for his boldly original art and for his short, violent and troubled life. This monograph on the artist's life and work is issued here in paperback format.
650 10 - SUBJECT ADDED ENTRY--TOPICAL TERM
Topical term or geographic name entry element Painting, Italian
9 (RLIN) 5092
650 10 - SUBJECT ADDED ENTRY--TOPICAL TERM
Topical term or geographic name entry element Painting, Renaissance
9 (RLIN) 5093
651 0# - SUBJECT ADDED ENTRY--GEOGRAPHIC NAME
Geographic name Italy
General subdivision Painters
9 (RLIN) 5094
856 40 - ELECTRONIC LOCATION AND ACCESS
Materials specified Amazon.com
Uniform Resource Identifier <a href="http://www.amazon.com/exec/obidos/ASIN/0714839663/chopaconline-20">http://www.amazon.com/exec/obidos/ASIN/0714839663/chopaconline-20</a>
942 ## - ADDED ENTRY ELEMENTS (KOHA)
Institution code [OBSOLETE] SADA
Koha item type Book
Call number prefix 759.5 PUG 2000
Source of classification or shelving scheme
952 ## - LOCATION AND ITEM INFORMATION (KOHA)
-- BOOK
Holdings
Withdrawn status Lost status Source of classification or shelving scheme Damaged status Not for loan Permanent Location Current Location Date acquired Total Checkouts Full call number Barcode Date last seen Date last checked out Cost, replacement price Price effective from Koha item type
          School of Art Design and Architecture (SADA) School of Art Design and Architecture (SADA) 06/29/2011 1 759.5 PUG 2000 SADA0001437 06/10/2014 05/16/2014 2881.00 08/05/2011 Book
© 2023 Central Library, National University of Sciences and Technology. All Rights Reserved.